LEADER 03220nam0 2200385 450 001 000026601 005 20220412155812.0 012 $aI.s, s.s. i-o- dupa (3) 1566 (R)$2fei$5NA0112 100 $a20091005d1566----km-y0itay50------ba 101 0 $alat 102 $aCH 140 $acf--a---eba------yyybb1110-- 141 $aa--u0gg-$5UNIPARTHENOPE-------------------------------------------------------------- 200 1 $aNicolai Copernici Torinensis De reuolutionibus orbium coelestium, libri 6. In quibus stellarum et fixarum et erraticarum motus, ex veteribus atque recentibus obseruationibus, restituit hic autor. Praeterea tabulas expeditas luculentasque addidit, ex quibus eosdem motus ad quoduis tempus mathematum studiosus facillime calculare poterit. Item, de libris reuolutionum Nicolai Copernici narratio prima, per M. Georgium Ioachimum Rheticum ad D. Ioan. Schonerum scripta 210 $aBasileae$cex officina Henricpetrina$d1566 mense Septembri$eBasileae$gex officina Henricpetrina 215 $a[6], 213, [1] c.$cill.$dfol. 300 $aMarche sul front. e in fine: Una mano batte con un martello sopra una roccia, dalla quale escono fiamme. (J73) e (J74) 307 $aSegnatura: [pigreco]6 a-z4 A-2F4 2G6 316 $aLegatura in pergamena floscia (29x20x3 cm.); sul dorso tit. ms.; ivi, inoltre, etichetta con antica segnatura; coperta parz. scucita; imbrunimento delle carte; macchie di umidità$5UNIPARTHENOPE 317 $aSulla controguardia ant. antiche segnature mss.: 64 f 4 [n.i.]; Clas VII 1170 Ingres 2859 del Registro inventario della Regia Marina Biblioteca dipartimentale di Napoli; ivi, inoltre: ex libris della Reale Biblioteca di Marina; ivi, ancora: II C VIII 9 [n.i.]; sul r. della c. di g. ant. note mss.; Timbri A e B della Reale Biblioteca di Marina;$5UNIPARTHENOPE 318 $aRestauro$cOttobre 2009$5UNIPARTHENOPE 327 1 $aCopia digitale dal sito della BNCF:$uhttp://opac.bncf.firenze.sbn.it/opac/controller.jsp?action=notizia_view¬izia_idn=BVEE002101 517 1 $aDe revolutionibus orbium coelestium, libri 6 518 1 $aNicolai Copernici Torinensis De revolutionibus orbium coelestium, libri 6. In quibus stellarum et fixarum et erraticarum motus, ex veteribus atque recentibus observationibus, restituit hic autor. ... 620 $aSvizzera$dBasilea 676 $a520.92$v21$9ASTRONOMIA E SCIENZE CONNESSE. Persone 700 1$aCopernicus,$bNicolaus$054672 702 1$aJoachim,$bGeorg$f<1514-1576> 712 02$aPetri,$bHeinrich$4650 712 02$aDue Sicilie : Ministero della guerra e della marina$4390 801 0$aIT$bUNIPARTHENOPE$c20091005$gRICA$2UNIMARC 912 $a000026601 951 $aBORB-M/18$b2859$cFB$d2009 996 $aNicolai Copernici Torinensis De reuolutionibus orbium coelestium, libri 6. In quibus stellarum et fixarum et erraticarum motus, ex veteribus atque recentibus obseruationibus, restituit hic autor. Praeterea tabulas expeditas luculentasque addidit, ex quibus eosdem motus ad quoduis tempus mathematum studiosus facillime calculare poterit. Item, de libris reuolutionum Nicolai Copernici narratio prima, per M. Georgium Ioachimum Rheticum ad D. Ioan. Schonerum scripta$91211635 997 $aUNIPARTHENOPE LEADER 05554nam 2200781 450 001 9910815918503321 005 20230807210956.0 010 $a3-11-037399-8 010 $a3-11-038623-2 024 7 $a10.1515/9783110373998 035 $a(CKB)3360000000515444 035 $a(EBL)1867287 035 $a(SSID)ssj0001421385 035 $a(PQKBManifestationID)12620493 035 $a(PQKBTitleCode)TC0001421385 035 $a(PQKBWorkID)11410169 035 $a(PQKB)11212328 035 $a(DE-B1597)429089 035 $a(OCoLC)979746095 035 $a(DE-B1597)9783110373998 035 $a(Au-PeEL)EBL1867287 035 $a(CaPaEBR)ebr11015805 035 $a(CaONFJC)MIL807470 035 $a(OCoLC)903955925 035 $a(MiAaPQ)EBC1867287 035 $a(EXLCZ)993360000000515444 100 $a20150212h20152015 uy 0 101 0 $ager 135 $aur|nu---|u||u 181 $ctxt 182 $cc 183 $acr 200 04$aThe metaphorical use of language in Deuterocanonical and cognate literature /$fedited by Markus Witte and Sven Behnke 205 $aIncludes a print version and an ebook 210 1$aBerlin, Germany :$cDe Gruyter,$d2015. 210 4$d©2015 215 $a1 online resource (566 p.) 225 1 $aDeuterocanonical and Cognate Literature,$x1614-3361 ;$vYearbook 2014/2015 300 $aDescription based upon print version of record. 311 $a3-11-037402-1 311 $a3-11-035505-1 320 $aIncludes bibliographical references and index. 327 $tFront matter --$tVorwort --$tInhalt --$tDie besondere Rede --$t(Some) Domains of Metaphor in Hellenistic Literature --$t?Das Licht Gottes? ? Metaphern in der Tobiterzählung --$tMetaphors and the Character Construction of Tobias in the Book of Tobit --$tThe Book of Judith as a Reversal of the Sexual and Marital Metaphors in Jeremiah 2:20?3:20 and Hosea 1?3 --$t?...indem er Feuer und Würmer in ihr Fleisch gibt? (Jdt 16,17) --$tArboreal Metaphors and Botanical Symbolism in the Theodotion Susanna Narrative --$tGebrauch und Funktionen der metaphorischen Rede im 1. Makkabäerbuch --$tMetaphern im 2. Makkabäerbuch --$tMetaphern bei Josephus: Soll man, kann man sie übersetzen? --$tMetaphern im Septuaginta-Psalter --$tAuferstehungsmetaphorik in der Septuaginta des Hiobbuches --$tVon der ?fremden Frau? zu ?Frau Torheit? --$tGarment Imagery in the Book of Ben Sira --$tMetaphors in 4 Maccabees --$tMetapher und Allegorie bei Philon von Alexandrien --$tAccommodating the Political: Philo?s King Metaphor --$tMetaphors in the Closing Verses of the Book of Baruch --$tLeben in Metaphern --$tCreation Encrypted: Ontology through Metaphor --$tMetaphor and the Poetics of Scriptural Rewriting in Jubilees --$tJüdische Metaphern im Thomasevangelium --$tKognitive Metapher ?Anderssein ist eine Grenze? im antiken Judentum und Urchristentum --$t?Metaphorical? Redefinition of Church Space through LXX Texts on Christian Monuments from Asia Minor --$tSome Metaphors in Early Rabbinic Liturgy --$tGlaubten antike Christenmenschen an ihre Bilder für Himmel und Hölle? --$tAutorinnen und Autoren --$tStellenregister (in Auswahl) 330 $aMetaphern stellen sprachlich einen wesentlichen Bestandteil religiöser Rede und Literatur dar und sind kulturell ein entscheidender Indikator für das Selbst- und Weltverständnis der sie gebrauchenden Träger- und Adressatenkreise. In Metaphern spiegeln sich Gottes-, Menschen- und Weltbilder. Gleichzeitig prägen Metaphern mittels ihrer je eigenen Kontexte, die sie bei der Übertragung einbringen, die Rede von Gott und vom Menschen, sie zwingen ihre Adressaten aufgrund ihrer Bildhaftigkeit und ihrer symbolimmanenten Mehrdeutigkeit zu interpretatorischer Mitarbeit, sie verändern die Wirklichkeitswahrnehmung und setzen damit auch gezielt Handlungen frei. Die in diesem Band gesammelten Aufsätze analysieren den Gebrauch, die Funktion und die Struktur von Metaphern in ausgewählten jüdischen Schriften aus hellenistisch-römischer Zeit, einschließlich der Werke Philos und der Texte aus Qumran, sowie in apokryphen frühchristlichen Texten und Inschriften. 330 $aMetaphors are a vital linguistic component of religious speech and serve as a cultural indicator of how groups understand themselves and the world. The essays compiled in this volume analyze the use, function, and structure of metaphors in Jewish writings from the Hellenistic-Roman period (including the works of Philo and the texts of Qumran), as well as in apocryphal early Christian texts and inscriptions. 410 0$aDeuterocanonical and cognate literature yearbook ;$vYearbook 2014/2015. 606 $aMetaphor in the Bible 606 $aMetaphor in literature 606 $aJewish religious literature$xHistory and criticism 606 $aChristian literature, Early$xHistory and criticism 610 $aExegesis. 610 $aJudaica. 610 $aliterary studies. 610 $atheology. 615 0$aMetaphor in the Bible. 615 0$aMetaphor in literature. 615 0$aJewish religious literature$xHistory and criticism. 615 0$aChristian literature, Early$xHistory and criticism. 676 $a229/.066 702 $aWitte$b Markus 702 $aBehnke$b Sven 801 0$bMiAaPQ 801 1$bMiAaPQ 801 2$bMiAaPQ 906 $aBOOK 912 $a9910815918503321 996 $aThe metaphorical use of language in Deuterocanonical and cognate literature$94057508 997 $aUNINA